Mineral planning authority monitoring of mineral and landfill permissions (Record no. 104413)

MARC details
000 -LEADER
fixed length control field 01509cam a2200193 4500
001 - CONTROL NUMBER
control field L130251
008 - FIXED-LENGTH DATA ELEMENTS--GENERAL INFORMATION
fixed length control field 041208n2005 000 0 eng u
035 ## - SYSTEM CONTROL NUMBER
System control number (Sirsi) u130251
041 ## - LANGUAGE CODE
Language code of text/sound track or separate title eng
110 ## - MAIN ENTRY--CORPORATE NAME
Corporate name or jurisdiction name as entry element Office of the Deputy Prime Minister
9 (RLIN) 4685
245 ## - TITLE STATEMENT
Title Mineral planning authority monitoring of mineral and landfill permissions
Remainder of title consultation paper on a new fees regime
260 ## - PUBLICATION, DISTRIBUTION, ETC.
Place of publication, distribution, etc. Office of the Deputy Prime Minister
Date of publication, distribution, etc. 2005
300 ## - PHYSICAL DESCRIPTION
Extent 95p.
520 ## - SUMMARY, ETC.
Summary, etc. This consultation paper seeks the view of stakeholders on a proposed new regime for monitoring and enforcing mineral and landfill waste permissions in England. The possible scope and content of a new fees regime had already secured a good deal of agreement in full public consultation in Autumn 2001. This paper is a re-consultation, making proposals on the basis of two research studies and the views expressed in the 2001 consultation. Responses must be made by 1 September 2005 and a summary of responses will be published on the ODPM website within three months of the end of the consultation period. The ODPM aims to make regulations in 2005/06 prescribing fees to support the new fees regime, which would come into force on 6 April 2006.
590 ## - LOCAL NOTE (RLIN)
Local note IKA020805
690 ## - LOCAL SUBJECT ADDED ENTRY--TOPICAL TERM (OCLC, RLIN)
Topical term or geographic name as entry element ENVIRONMENTAL AND LAND CONSULTANCY-WASTE MANAGEMENT
856 ## - ELECTRONIC LOCATION AND ACCESS
Uniform Resource Identifier <a href="https://www.communities.gov.uk/archived/publications/planningandbuilding/mineralplanningauthority">https://www.communities.gov.uk/archived/publications/planningandbuilding/mineralplanningauthority</a>
Public note View the consultation paper free of charge at www.communities.gov.uk...
942 ## - ADDED ENTRY ELEMENTS (KOHA)
Suppress in OPAC 0
Holdings
Withdrawn status Lost status Source of classification or shelving scheme Damaged status Not for loan Home library Current library Shelving location Date acquired Total Checkouts Full call number Barcode Date last seen Copy number Price effective from Koha item type
    Dewey Decimal Classification     Virtual Virtual Online 06/07/2005   ONLINE PUBLICATION 130251-2001 06/08/2019 1 06/08/2019 Book